Schaum's outline of theory and problems of data structures (Record no. 9718)
[ view plain ]
| 000 -LEADER | |
|---|---|
| fixed length control field | 00641 a2200193 4500 |
| 020 ## - INTERNATIONAL STANDARD BOOK NUMBER | |
| International Standard Book Number | 0070991308 |
| 035 ## - SYSTEM CONTROL NUMBER | |
| System control number | 4575232 |
| 040 ## - CATALOGING SOURCE | |
| Original cataloging agency | DLC |
| Language of cataloging | DLC |
| 100 10 - MAIN ENTRY--PERSONAL NAME | |
| Personal name | Lipschutz, Seymour. |
| 245 10 - TITLE STATEMENT | |
| Title | Schaum's outline of theory and problems of data structures |
| Statement of responsibility, etc. | Seymour Lipschutz. |
| 250 ## - EDITION STATEMENT | |
| Edition statement | International ed. |
| 260 0# - PUBLICATION, DISTRIBUTION, ETC. | |
| Place of publication, distribution, etc. | Singapore |
| Name of publisher, distributor, etc. | : McGraw-Hill |
| Date of publication, distribution, etc. | , c1986. |
| 300 ## - PHYSICAL DESCRIPTION | |
| Extent | 344 p. |
| Other physical details | : ill. |
| Dimensions | ; 27 cm. |
| 490 0# - SERIES STATEMENT | |
| Series statement | Schaum's outline series. Schaum's outline series in computers. |
| 650 #0 - SUBJECT ADDED ENTRY--TOPICAL TERM | |
| Topical term or geographic name entry element | Data structures (Computer science) |
| 740 01 - ADDED ENTRY--UNCONTROLLED RELATED/ANALYTICAL TITLE | |
| Uncontrolled related/analytical title | Data structures. |
| 740 01 - ADDED ENTRY--UNCONTROLLED RELATED/ANALYTICAL TITLE | |
| Uncontrolled related/analytical title | Theory and problems of data structures. |
| 942 ## - ADDED ENTRY ELEMENTS (KOHA) | |
| Koha item type | Book |
| Call number prefix | 005.73 LIP |
| Source of classification or shelving scheme | |
| Withdrawn status | Lost status | Damaged status | Not for loan | Collection code | Permanent Location | Current Location | Shelving location | Date acquired | Total Checkouts | Full call number | Barcode | Date last seen | Date last checked out | Price effective from | Koha item type | Source of acquisition | Cost, normal purchase price | Source of classification or shelving scheme |
|---|---|---|---|---|---|---|---|---|---|---|---|---|---|---|---|---|---|---|
| Central Library (CL) | Central Library (CL) | First Floor - Operating System/ Data Structure | 12/08/2000 | 1 | 005.73 LIP | SEECS000536 | 11/16/2016 | 09/23/2016 | 01/05/2017 | Book | ||||||||
| Central Library (CL) | Central Library (CL) | First Floor - Operating System/ Data Structure | 02/19/2002 | 005.73 LIP | SEECS001853 | 11/14/2012 | 01/05/2017 | Book | National Book Foundation | 88.00 | ||||||||
| Central Library (CL) | Central Library (CL) | First Floor - Operating System/ Data Structure | 09/02/2006 | 4 | 005.73 LIP | SEECS007521 | 10/21/2020 | 03/14/2020 | 01/05/2017 | Book | Donation | 0.00 | ||||||
| Central Library (CL) | Central Library (CL) | First Floor - Operating System/ Data Structure | 12/08/2000 | 005.73 LIP | SEECS000698 | 11/14/2012 | 01/05/2017 | Book | ||||||||||
| Central Library (CL) | Central Library (CL) | First Floor - Operating System/ Data Structure | 10/21/2010 | 005.73 LIP | SEECSD00352 | 11/14/2012 | 01/05/2017 | Book | Donation | |||||||||
| Central Library (CL) | Central Library (CL) | 09/29/2019 | 005.73 LIP | SEECS000750 | 09/29/2019 | 09/29/2019 | Book |
